000 00573nai a2200169Ia 4500
003 IN-BaIIA
008 211028c9999 xx s 000 0 eng d
022 _a1364-6826 (Online)
040 _cIIA Library
245 0 _aJournal of Atmospheric and Solar-Terrestrial Physics
_h[eJournal]
260 _aOxford, U.K
_bPergamon
310 _a15/year
362 _a59; 1998 - Present
521 _bSubscribed through National Knowledge Resource Consortium (NKRC)
856 _uhttps://www.sciencedirect.com/science/journal/13646826
_yClick Here to Access eJournal
942 _cEJ
999 _c34974
_d34974